000 00952 a2200193 4500
001 25183
005 20260407155535.0
008 260407a1968 arg spa d
003 AR-UNSa-BCEJYS
040 _aAR-UNSa-BCEJYS
_bspa
_cAR-UNSa-BCEJYS
080 _a519.2
_xProbabilidades y estadística matemática
245 1 0 _aIniciaciación en estadística aplicada
264 1 _aBuenos Aires :
_bEdiciones Macchi
_c1968
300 _a225 p.
_c22 cm.
505 _a1. Introducción matemática - 2. Probabilidades y variable aleatoria - 3. Distribuciones - 4. Censos y encuestas(compilación) - 5. Representaciones gráficas - 6. Serie de frecuencias - 7. Series cronológicas - 8. Números índices - 9. Regresión y correlación - 10. Atributs cualitativos - 11. Nociones sobre la teoría y uso de las muestras grandes - 12. Experimentación estdística.
942 _cBK
590 _aniveau_biblio:m niveau_hierar:0
100 1 _aToranzos, Fausto I.
999 _c1294
_d1294